00315nam a22001097a 4500020001500000082002000015100001700035245007700052260005000129300000800179650001800187 a8174884610 a324.2054082 RAL aRalhan, O.P. aAll India Muslim League Vol I: Encyclopaedia of Political Parties Series aNew DelhibAnmol Publications Pvt. Ltd.c1997 a507 aMuslim League